000 01430nam a2200373 c 4500
999 _c147856
_d147856
003 BLK
005 20250716104123.0
008 180410b bul|||||r ||||||| ||bul||
010 _aKNG00154075000
020 _a978-954-733-733-6
040 _aBLK
041 _aBUL
_cBUL
072 7 _2bullib
_aН83
_xЧужда художествена литература Н
080 _aАмериканска литература (на САЩ)
_b821.111(73)
_x-312.4
_z821.111(73)-312.4
100 1 _aКланси, Том
_eпърви автор
_979533
139 _aКланси, Том
_bК 63
245 1 0 _aСрещу всички врагове
_bРоман
_cТом Кланси; прев. от англ. Венцислав Тренев Градинаров.
257 _aUSA
260 _bПрозорец
_c2012
_fСофия : Инвестпрес
300 _a552 с.
_c20 см
380 _aX
500 _aОриг. загл. Against All Enemies / Tom Clancy with Peter Telep.
653 _aромани
653 _aтрилъри
659 _aН
700 1 _aГрадинаров, Венцислав Тренев
_eпрев. от англ.
_9368974
852 _aЦб 266887
856 4 _qpdf
856 4 _qpdf
942 _cKNG
_n0
_026
_s1
944 _aCR
_c29.11.2013
_lМинев Младен
_k30530
944 _aED
_c23.02.2016
_lф /
_kЛюдмила_Стоянова
999 _d147856